Vplyv technológií na ekonomický rast bakalárska práca

Salvato in:
Dettagli Bibliografici
Autore principale: Szombat, Tomáš
Ente Autore: Národohospodárska fakulta EU. Katedra hospodárskej politiky
Altri autori: Kubala, Jozef
Natura: Libro
Lingua:slovacco
Pubblicazione: Bratislava 2015
Tags: Aggiungi Tag
Nessun Tag, puoi essere il primo ad aggiungerne!!

MARC

LEADER 00000nbm a2200000 4500
001 0205092
005 20161212095024.2
041 0 |a slo 
044 |a SK 
245 1 0 |a Vplyv technológií na ekonomický rast  |b bakalárska práca  |c Tomáš Szombat ; školiteľ: Jozef Kubala 
264 1 |a Bratislava  |c 2015 
300 |a 45 s. 
100 1 |a Szombat, Tomáš 
700 1 |a Kubala, Jozef 
710 2 |a Národohospodárska fakulta EU. Katedra hospodárskej politiky